Who has got the most assists in the NBA 2022 - Statistics

General Stats
  • This quiz has been taken 46 times
  • The average score is 16 of 20
Answer Stats
# Hint Answer APG % Correct
1 Suns Chris Paul 10.8
100%
5 Mavericks Luka Doncic 8.7
98%
8 Nuggets Nikola Jokic 7.9
98%
3 Hawks Trae Young 9.7
98%
2 76ers James Harden 10.3
95%
12 Trailblazers Damian Lillard 7.3
93%
9 Hornets LaMelo Ball 7.6
93%
18 Grizzlies Ja Morant 6.7
88%
17 Bucks Jrue Holiday 6.8
88%
10 Heat Kyle Lowry 7.5
88%
6 Cavaliers Darius Garland 8.6
85%
16 Warriors Draymond Green 7.0
85%
4 Spurs Dejounte Murray 9.2
83%
14 Lakers Russell Westbrook 7.1
83%
20 Wizards Bradley Beal 6.6
80%
19 Raptors Fred VanVleet 6.7
80%
13 Timberwolves D'Angelo Russell 7.1
73%
7 Pacers Tyrese Haliburton 8.2
73%
15 Pistons Derrick Walton Jr 7.0
10%
11 Thunder Xavier Simpson 7.5
7%
No matching quizzes found
Score Distribution
Percent of People with Each Score
Percentile by Number Answered
Your Score History
You have not taken this quiz